000 01604cam a2200169 4500500
005 20260426010518.0
041 _afre
042 _adc
100 1 0 _aCottin, Jérôme
_eauthor
245 0 0 _aChristoph Goldmann, Kinder entdecken Gott mit Marc Chagall. Bilder und Gespräche. Göttingen, Vandenhoeck & Ruprecht, 2003. 29 cm. 88 p. ISBN 3-525-61192-7. € 25
260 _c2005.
500 _a57
520 _aLa séquence d’Ac 10 –11, et, plus largement, Ac 8-15, raconte la progressive ouverture du christianisme aux non-juifs ; cette ouverture pose le problème du maintien ou de l’abandon de certaines pratiques juives, dont les règles de pureté, notamment celles de pureté alimentaire. S’appuyant sur de nombreux indices en Ac 10 –11, Emmanuelle Steffek* souligne que c’est bien la question de la commensalité qui est au centre du débat dont l’écho résonne en Ac 15.
520 _aThe passage of Acts 10-11 enlarged to Acts 8-15 reports the gradual opening of Christianity to non-Jews which entails the question of whether some Jewish practices must be maintained or abandoned. Among those are the laws concerning purity, especially in relation with food. Emmanuelle Steffek underlines that the central point in the debate that can be read in Acts 15 is indeed commensality. Her research is based on a number of clues in Acts 10-11.
786 0 _nÉtudes théologiques et religieuses | 80 | 1 | 2005-03-01 | p. 125zd-149zd | 0014-2239
856 4 1 _uhttps://shs.cairn.info/revue-etudes-theologiques-et-religieuses-2005-1-page-125zd?lang=fr&redirect-ssocas=7080
999 _c2222473
_d2222473